أخناتون وديانة النور

محفوظ في:

المؤلف الرئيسي: إريك هورنونج.

مؤلفون آخرون: محمود ماهر طه.

التنسيق: كتاب

اللغة: Undetermined

منشور في: Cairo : al-Hayʼah al-Miṣrīyah al-ʻĀmmah lil-Kitāb,, 2010.

الوسوم: إضافة وسم

لا توجد وسوم, كن أول من يضع وسما على هذه التسجيلة!

رقم الطلب: BL2443 .H6614

LEADER 00466nam a2200145Ia 4500
008 240329s9999||||xx |||||||||||||| ||und||
020 |a 978-9774217476 
050 4 |a BL2443 .H6614 
100 1 |a إريك هورنونج. 
245 1 0 |a أخناتون وديانة النور  |c إريك هورنونج 
264 1 |a Cairo :  |b al-Hayʼah al-Miṣrīyah al-ʻĀmmah lil-Kitāb,,  |c 2010. 
300 |a 172  |c 24 CM 
700 1 |a محمود ماهر طه. 
942 |2 lcc  |c BK 
999 |c 57704  |d 57704